स्पर्श की तासीर / (Record no. 116229)

MARC details
000 -LEADER
fixed length control field 01116nam a22002777a 4500
003 - CONTROL NUMBER IDENTIFIER
control field dpl
005 - DATE AND TIME OF LATEST TRANSACTION
control field 20180713145441.0
008 - FIXED-LENGTH DATA ELEMENTS--GENERAL INFORMATION
fixed length control field 180713b xxu||||| |||| 00| 0 eng d
010 ## - LIBRARY OF CONGRESS CONTROL NUMBER
LC control number A-885849
020 ## - INTERNATIONAL STANDARD BOOK NUMBER
Terms of availability 70.00
International Standard Book Number 8170163846
035 ## - SYSTEM CONTROL NUMBER
System control number A-885849, A-885874
037 ## - SOURCE OF ACQUISITION
Source of stock number/acquisition Cen Lib/Ret
040 ## - CATALOGING SOURCE
Original cataloging agency DPL
Language of cataloging HN
Transcribing agency 0
082 ## - DEWEY DECIMAL CLASSIFICATION NUMBER
Classification number
Item number सिन्हाम
100 ## - MAIN ENTRY--PERSONAL NAME
Personal name सिन्हा, मृदुला
9 (RLIN) 65438
245 ## - TITLE STATEMENT
Title स्पर्श की तासीर /
Statement of responsibility, etc मृदुला सिन्हा
246 ## - VARYING FORM OF TITLE
Title proper/short title Spars ki taaseer
Remainder of title by Mridula Sinha
260 ## - PUBLICATION, DISTRIBUTION, ETC. (IMPRINT)
Place of publication, distribution, etc नई ल्ली
Name of publisher, distributor, etc किताबघर
Date of publication, distribution, etc 1997
270 ## - ADDRESS
Address 24, अंसारी रोड दरिया गंज
City नई ल्ली
Postal code 110002
300 ## - PHYSICAL DESCRIPTION
Extent 104पृष्ठ.
Dimensions 20सेमी(सजिल्द)
650 ## - SUBJECT ADDED ENTRY--TOPICAL TERM
Topical term or geographic name as entry element हिंदी साहित्य
9 (RLIN) 65439
650 ## - SUBJECT ADDED ENTRY--TOPICAL TERM
Topical term or geographic name as entry element हिंदी कहानी -सामाजिक जीवन
9 (RLIN) 65440
650 ## - SUBJECT ADDED ENTRY--TOPICAL TERM
Topical term or geographic name as entry element Hindi literature
9 (RLIN) 65441
650 ## - SUBJECT ADDED ENTRY--TOPICAL TERM
Topical term or geographic name as entry element Hindi story - social life
9 (RLIN) 65442
942 ## - ADDED ENTRY ELEMENTS (KOHA)
Source of classification or shelving scheme Dewey Decimal Classification
Koha item type Hindi Books
Classification part
Call number suffix सिन्हाम
Holdings
Withdrawn status Lost status Damaged status Not for loan Home library Current library Date acquired Source of acquisition Cost, normal purchase price Total Checkouts Full call number Barcode Date last seen Date checked out Copy number Cost, replacement price Price effective from Koha item type Source of classification or shelving scheme Collection code
        Central Library Central Library 22/08/2015 Cen Lib /Ret 70.00 1 क सिन्हाम A-885849 16/08/2017 26/07/2017 1 70.00 22/08/2015 Hindi Books    
        Shahdara Branch Shahdara Branch 13/07/2018 BPPD/PUB 70.00   क सिन्हाम A-885874 13/07/2018     70.00 13/07/2018 Hindi Books Dewey Decimal Classification Fiction

© Delhi Public Library
Hit Counter
free hit counter